|
|
|
|
| LEADER |
00000nam a2200000 a 4500 |
| 001 |
vtls011829112 |
| 003 |
SK-MaSNL |
| 005 |
20260301223732.0 |
| 008 |
251112 1721 gw 001 0 lat |
| 015 |
|
|
|a SNBHFA1721
|
| 020 |
|
|
|a (viaz.)
|
| 040 |
|
|
|a SNKHF
|b slo
|c SNK
|e AACR2
|
| 041 |
|
|
|a lat
|
| 044 |
|
|
|a gw
|c DE
|
| 072 |
|
7 |
|a 17
|x Etika. Morálna filozofia
|2 konspekt
|
| 080 |
|
|
|a 17
|2 2011
|
| 080 |
|
|
|a 32
|2 2011
|
| 080 |
|
|
|a 347
|2 2011
|
| 100 |
1 |
|
|a Hassen, Martin,
|d 1677-1750
|4 aut
|4 dto
|9 352092
|
| 245 |
1 |
0 |
|a Synopsis Scientiae De Prvdentia Morali Vniversa : Ethicam, Sev Prudentiam De Virtvte Morali, Prvdentiam Ivris Natvrae Et Gentivm, Et Politicam, Sev Prvdentiam Civilem Et Ivris Pvblici Vniversalis, Adeoqve Praecipva Honesti, Decori, Ivsti, Aeqvi Et Boni Principia, Svccinctis Positionibvs In Cvpidae Morvm Ivventvtis Maxime Avditorii Svi Privati Vsvm Apta Connesione Ac Mnemonica Methodo Accommodatis Complexa
|c Martini Hassen Moral. Ac Civil. In Acad. Vitemb. Prof. P.
|
| 260 |
|
|
|a Vitebergae
|b Apvd Christ. Theoph. Lvdivicvm
|c MDCCXXI. [=1721]
|
| 300 |
|
|
|a 24 strán, [3] listov, 896 strán, [10] listov
|c 4°
|c 21 cm
|
| 500 |
|
|
|a Vinety, vlys, titulný list v červeno čiernej tlači, ozdobné iniciálky s ornamentálnym pozadím v rámčeku na 7 riadkov, kustody
|
| 508 |
|
|
|a Predslov
|
| 508 |
|
|
|a Dedikácia: Hassen, Martin; Flemming, Jacob Heinrich
|
| 510 |
4 |
|
|a VD18 10352996
|
| 546 |
|
|
|a Latinčina
|b Kurzíva
|
| 561 |
|
|
|a Z knižnice Učenej spoločnosti malohontskej.
|5 SNK IC 144417
|
| 562 |
|
|
|a Rukopisná poznámka na titulnom liste: Matthias Holko comparavit Witteb. A. S. 1743.
|5 SNK IC 144417
|
| 563 |
|
|
|a Väzba: svetložltá koža.
|5 SNK IC 144417
|
| 650 |
0 |
7 |
|a etika
|2 SNKPH
|9 792
|
| 650 |
0 |
7 |
|a politika
|2 SNKPH
|9 968
|
| 650 |
0 |
7 |
|a občianske právo
|2 SNKPH
|9 981
|
| 700 |
1 |
|
|a Bacon, Francis,
|d 1561-1626
|4 oth
|9 24913
|
| 700 |
1 |
|
|a Unverfährt, Joachim Martin
|4 oth
|9 615039
|
| 700 |
1 |
|
|a Boeckler, Johann Heinrich,
|d 1611-1672
|4 oth
|9 406367
|
| 700 |
1 |
|
|a Ludwig, Christian Gottlieb
|4 prt
|9 615040
|
| 700 |
1 |
|
|a Flemming, Jacob Heinrich
|4 hnr
|9 344302
|
| 700 |
1 |
|
|a Holko, Matej,
|d 1719-1785
|4 fmo
|9 170552
|
| 710 |
2 |
|
|a Učená spoločnosť malohontská
|4 fmo
|9 205374
|
| 710 |
0 |
|
|a Ludwig, Christian Gottlieb (Wittenberg, Nemecko),
|d 1701-1729
|4 prt
|9 355393
|
| 752 |
|
|
|a Nemecko
|d Wittenberg
|
| 852 |
|
|
|a snk
|b Historické fondy
|p IC 144417
|
| 999 |
|
|
|c 944707
|d 946637
|
| 952 |
|
|
|t MHC 1743
|a SNK
|b SNK
|c SNK_HF
|y PREZ
|7 0
|p 17A1131748
|o snkIC 144417
|i snk2018/26689
|8 5
|0 0
|1 0
|4 0
|d 2018-12-11
|l 0
|r 2026-02-24 09:30:08
|w 2026-02-24
|